000 004190000a22001810004500
003 MACL
005 20150818131409.0
008 150818b xxu||||| |||| 00| 0 eng d
040 _aMACL
_cMACL
041 _aEnglish
082 _a580/PAY
100 _aDay, W.B.
_96034
245 _aBotany Made Easy
260 _bR.R. Book Company
_c1998
_aDelhi
350 _a350
650 _aPlants
_95537
942 _cBK
_k580
_2ddc
999 _c20807
_d20807